Statistics for Beauty Behind the Madness by The Weeknd

Click here to take the quiz!

General Stats

  • This quiz has been taken 9 times
  • The average score is 14 of 17

Answer Stats

TrackLenghtAnswerFeatProducer(s)% Correct
#103:55In The NightMax Martin, Ali Payami, The Weeknd
100%
#44:09OftenBen Billions, The Weeknd, DaHeala
100%
#65:48AcquaintedBen Billions, Illangelo, DaHeala, DannyBoyStyles, The Weeknd
86%
#73:33Can't Feel My FaceMax Martin, Ali Payami
86%
#154:12Can't Fell My Face (Martin Garrix Remix)Max Martin, Ali Payami, Martijn Garritsen
86%
#124:20Dark TimesEd SheeranIllangelo
86%
#94:37Earned ItAriana GrandeStephan Moccio, DaHeala
86%
#134:34PrisonerLana Del ReyIllangelo, The Weeknd
86%
#35:34Tell Your FriendsChe Pope, Kayne West, The Weeknd, Illangelo, Mike Dean, Noah Goldstein, Omar Riad
86%
#164:23The HillsEminemMano, Illangelo
86%
#174:02The HillsNicki MinajMano, Illangelo
86%
#54:02The HillsMano, Illangelo
86%
#146:17AngelStephan Moccio, The Weeknd
71%
#24:41LosersLabrinthLabrinth, Illangelo, The Weeknd
71%
#13:43Real LifeStephan Moccio, DaHeala, The Weeknd
71%
#84:13ShamelessMax Martin, Ali Payami, Peter Svensson, The Weeknd
57%
#115:40As You AreDaHeala, Illangelo, DannyBoyStyles, Ben Billions, The Weeknd
43%

Score Distribution

Percentile by Number Answered

Percent of People with Each Score

Your Score History

You have not taken this quiz